| 000 | 01035nam a22002537a 4500 | ||
|---|---|---|---|
| 005 | 20170124103019.0 | ||
| 010 | _aB-071054 | ||
| 020 | _c175.00 | ||
| 035 | _aB-071054 | ||
| 037 | _bCen Lib/Ret | ||
| 040 |
_aDPL _bHN |
||
| 082 |
_aक _bअनंत |
||
| 100 |
_aअनंत कुमार सिंह _959883 |
||
| 245 |
_aराग भैरवी : _cअनंत कुमार सिंह _bकहानी संग्रह / |
||
| 246 |
_aRaag bhairavi : kahani sangreh / _bby Anant Kumar Singh |
||
| 260 |
_aनयी दिल्ली _bप्रकाशन संस्थान _c2002 |
||
| 270 |
_a4715/21, दयानंद मार्ग, दरिया गंज _bनयी दिल्ली _e110002 |
||
| 300 |
_a191पृ. _c21सेमी (सजिल्द) |
||
| 650 |
_aहिन्दी साहित्य _959884 |
||
| 650 |
_aकहानियां _959885 |
||
| 650 |
_aHindi literature _959886 |
||
| 650 |
_aStories _97500 |
||
| 942 |
_2ddc _cHN _hक _mअनंत |
||
| 999 |
_c115099 _d115099 |
||